Loading...
| Science - Other Science | 0 | 8 | 1 | 2 | 75 | 79 | 111.00 | 0 | 4 |
| Science - Physics | 0 | 5 | 1 | 0 | 45 | 86 | 104.40 | 0 | 2 |
| Science - Biology | 0 | 3 | 1 | 1 | 25 | 122 | 126.67 | 1 | 2 |
| Science - Chemistry | 0 | 3 | 1 | 1 | 25 | 93 | 115.00 | 0 | 0 |
| Social Science | 0 | 2 | 0 | 0 | 20 | 100 | 105.00 | 0 | 1 |
| Fine Arts - Visual Fine Arts | 0 | 0 | 0 | 0 | 0 | 0.00 | 0 | 0 | |
| Literature - World Literature | 0 | 0 | 0 | 0 | 0 | 0.00 | 0 | 0 | |
| History - American History | 0 | 0 | 0 | 0 | 0 | 0.00 | 0 | 0 | |
| Literature - American Literature | 0 | 0 | 0 | 0 | 0 | 0.00 | 0 | 0 | |
| Literature - British Literature | 0 | 0 | 0 | 0 | 0 | 0.00 | 0 | 0 | |
| Literature - European Literature | 0 | 0 | 0 | 0 | 0 | 0.00 | 0 | 0 |